Linearizability problem of persistent centers

The concepts of persistent and weakly persistent centers were introduced in 2009 and the same concept was applied in the study of some families of differential equations in 2013. Such concept was generalized for complex planar differential systems in 2014. In this paper we extend the notion of persi...

Teljes leírás

Elmentve itt :
Bibliográfiai részletek
Szerzők: Mencinger Matej
Ferčec Brigita
Fernandes Wilker
Oliveira Regilene
Dokumentumtípus: Folyóirat
Megjelent: 2018
Sorozat:Electronic journal of qualitative theory of differential equations
Kulcsszavak:Differenciálegyenlet
Online Access:http://acta.bibl.u-szeged.hu/55707
LEADER 01360nas a2200229 i 4500
001 acta55707
005 20260224081030.0
008 181106s2018 hu o 000 eng d
022 |a 1417-3875 
040 |a SZTE Egyetemi Kiadványok Repozitórium  |b hun 
041 |a eng 
100 1 |a Mencinger Matej 
245 1 0 |a Linearizability problem of persistent centers  |h [elektronikus dokumentum] /  |c  Mencinger Matej 
260 |c 2018 
300 |a 1-27 
490 0 |a Electronic journal of qualitative theory of differential equations 
520 3 |a The concepts of persistent and weakly persistent centers were introduced in 2009 and the same concept was applied in the study of some families of differential equations in 2013. Such concept was generalized for complex planar differential systems in 2014. In this paper we extend the notion of persistent center to a linearizable persistent center and a linearizable weakly persistent center. Using the methods and algorithms of computational algebra we characterize the planar cubic differential system having linearizable persistent and linearizable weakly persistent centers at the origin. 
695 |a Differenciálegyenlet 
700 0 1 |a Ferčec Brigita  |e aut 
700 0 1 |a Fernandes Wilker  |e aut 
700 0 1 |a Oliveira Regilene  |e aut 
856 4 0 |u http://acta.bibl.u-szeged.hu/55707/1/ejqtde_2018_037.pdf  |z Dokumentum-elérés